|
|
|
|
| LEADER |
01274nam a2200301 a 4500 |
| 001 |
4470358 |
| 008 |
090709s1996 enk b 001 0 eng d |
| 010 |
|
|
|a 96016143
|
| 020 |
|
|
|a 9780195652468
|
| 020 |
|
|
|a 0195652460
|
| 040 |
|
|
|a DLC
|c DLC
|d DLC
|
| 082 |
0 |
0 |
|a 809/.03
|2 20
|
| 245 |
0 |
0 |
|a Contemporary postcolonial theory :
|b a reader /
|c edited by Padmini Mongia.
|
| 260 |
|
|
|a London ;
|a New York :
|b Arnold ;
|a New York :
|b Distributed exclusively in the USA by St Martin's Press,
|c 1996.
|
| 300 |
|
|
|a viii, 407 p. ;
|c 24 cm.
|
| 504 |
|
|
|a Includes bibliographical references (p. [383]-397) and index.
|
| 541 |
1 |
|
|e 00016509
|
| 650 |
|
0 |
|a Literature, Modern
|x History and criticism
|x Theory, etc.
|
| 650 |
|
0 |
|a Postcolonialism in literature.
|
| 650 |
|
0 |
|a Decolonization in literature.
|
| 650 |
|
0 |
|a Imperialism in literature.
|
| 650 |
|
0 |
|a Colonies in literature.
|
| 650 |
|
0 |
|a Postcolonialism.
|
| 651 |
|
0 |
|a Developing countries
|x Literatures
|x History and criticism
|x Theory, etc.
|
| 700 |
1 |
|
|a Mongia, Padmini,
|d 1960-
|
| 852 |
4 |
|
|a Ayesha Abed Library
|j General Shelf.
|
| 999 |
|
|
|c 2236
|d 2236
|
| 952 |
|
|
|0 0
|1 0
|2 ddc
|4 0
|6 809_030000000000000_CON
|7 0
|9 2062
|a BRACUL
|b BRACUL
|c GEN
|d 2009-07-09
|g 590.00
|l 4
|m 11
|o 809.03 CON
|p 3010016509
|r 2025-08-17
|s 2025-08-14
|t 1
|v 1180.00
|w 2009-07-09
|y BK
|